Statistiques concernant Cinéma n°3

Cliquez ici pour prendre le quiz!

Statistiques générales

  • Ce quiz a été pris 215 fois
  • Le résultat moyen est 3 sur 15

Statistiques - réponses

QuestionRéponse% Correct
Par quelle lettre de l'alphabet est désigné le meurtrier d'enfants dans un film de Fritz Lang en 1931 ?M
94%
Quel animal Tchéky Karyo chasse-t-il dans un film de Jean-Jacques Annaud en 1988 ?Un ours
64%
Quel acteur incarne Steve Zissou, personnage parodique de J-Y Cousteau dans le film "La Vie Aquatique" de Wes Anderson ?Bill Murray
35%
Dans quel film de Lars von Trier la Terre est menacée de collision avec une autre planète inconnue ?Melancholia
27%
Que transportent illégalement Grandgil et Marcel Martin au travers de Paris ?De la viande
26%
Où vivent les protagonistes du film "Good Bye Lenin !" ?Dans Berlin-Est
20%
Quels acteurs incarnent le "bon", la "brute" et le "truand" dans ce western mythique de Sergio Leone ?Clint Eastwood, Eli Wallach et Lee Van Cleef
15%
Qu'est-ce que "Le Mexicain" dans le film du même nom avec Brad Pitt et Julia Roberts ?Un revolver
15%
Dans quelle ville chute le "faucon noir" dans ce film de guerre de Ridley Scott ?Mogadiscio
11%
Qui a réalisé la trilogie "Before Sunrise", "Before Sunset" et "Before Midnight" ?Richard Linklater
9%
Quel acteur irlandais peut-on retrouver dans les films "L'irlandais", "Calvary" ou "Bons baisers de Bruges" ?Brendan Gleeson
6%
Dans quel film le rouge est "la mauvaise couleur' par opposition au jaune ?Le village
4%
Quel film suédois de 2010 met en scène un groupe de percussionistes anarchistes ?Sound of Noise
3%
Dans quelle comédie musicale peut-on entendre l'air "Ah si j'étais riche !" ?Un violon sur le toit
3%
Quelle "profession" exercent les frères Bloom, interprétés par Adrien Brody et Mark Ruffalo dans un film de 2008 ?Arnaqueurs
2%

Distribution des résultats

Percentile par nombre de réponses

% des personnes avec chaque résultat

Votre développement - résultats

Vous n’avez pas pris ce quiz